000 00304nam a22001097a 4500
040 _cRUA
082 _aVOL JAN 1997 C227 Or.
100 _aGold Coast, Australia.
245 _aAustralian Agricultural and Resource Economics Society 41st Annual Conference.
260 _aphnom penh
_brua
_c1997
942 _cEK
999 _c21331
_d21331